Normale Ansicht MARC-Ansicht ISBD

Sovremennoe istoričeskoe sibirevedenie : (Titelsatznr. 47071)

[ MARC ]
MARC-Details
000 -Satzkennung
Kontrollfeld mit fester Länge 00579nac a22002171ca4500
001 - Kontrollnummer
Kontrollfeld a987662552
008 - Feld mit fester Länge zur physischen Beschreibung - Allgemeine Angaben
Kontrollfeld mit fester Länge 170707s2008 gw |||| 000u rus d
041 ## - Sprachcode
Sprachcode des Textes/der Tonspur oder des separaten Titels rus
040 ## - Katalogisierungsquelle
Übertragungsstelle RU-10907106
003 - Kontrollnummer Identifier
Kontrollfeld RU-10907106
245 00 - Titel
Titel Sovremennoe istoričeskoe sibirevedenie :
Zusatz zum Titel XVII - načalo XX v. ; sbornik naučnych trudov
264 ## - Produktion, Veröffentlichung, Distribution, Herstellung und Urheberrechtsvermerk
Herstellungs-, Veröffentlichungs- Vertriebs-, Erzeugungsort Barnaul :
Produzent, Herausgeber, Distributor, Hersteller Azbuka,
Datum der Herstellung, der Veröffentlichung, des Vertriebs oder des Urheberschutzvermerks 2008
300 ## - Physische Beschreibung
Umfang 258 S.
650 #0 - Nebeneintragung unter einem Schlagwort - Sachschlagwort
Sachschlagwort oder geografischer Name als Eintragungselement Aufsatzsammlung
651 #0 - Nebeneintragung unter einem Schlagwort - Geografischer Name
Geografischer Name Sibirien
651 #0 - Nebeneintragung unter einem Schlagwort - Geografischer Name
Geografischer Name
700 1# - Nebeneintragung - Personenname
Personenname Skubnevskij, V. A.
Funktionsbezeichnung HerausgeberIn
710 2# - Nebeneintragung - Körperschaftsname
Körperschafts- oder Gebietskörperschaftsname als Eintragungselement Altajskij gos. universitet
942 ## - Zusätzliche Felder (Koha)
Koha-Medientyp Monographien
Exemplare
Ausgeschieden Verloren Klassifikation oder Aufstellungssystematik Beschädigt Nicht entleihbar Heimatbibliothek Aufenthaltsbibliothek Aufstellungsort Erwerbungsdatum Inventarnummer Signatur Barcode Letzte Aktivität Preis gültig von Koha-Medientyp
    Andere/Generische Klassifikation     MWN Osteuropa MWN Osteuropa Magazin - 2 07/07/2017 09-00542 ;11-00612 R 50 n Sibir 27 (Bd.) 47082 23/02/2021 22/03/2021 Monographien